Nejhezší písničky pro nejmenší dětičky

Korporativní autor: Kvodlibet (pěvecký sbor)
Další autoři: Cejnar, Roman, Neugebauerová, Eva
Jazyk: Čeština
Vydáno: Praha : B&M Music, p2003
Témata:
Fyzický popis: 1 zvuková deska (57:54) : digital; 12 cm + 1 leták (60 x 12 cm slož. na 12 x 12 cm)
Zvukové nahrávky
Uloženo v:
LEADER 02058njm a2200373 a 4500
001 000832318
003 CZ BrMZK
005 20210211140000.0
007 sd fsngnnmmned
008 061110s2003 xr sg??b????????? cze d
028 0 0 |a 067 952-2  |b B&M Music 
040 |a BOA001  |b cze 
072 7 |a 784  |x Vokální hudba  |2 Konspekt  |9 9 
080 |a 784.67  |2 MRF 
080 |a (086.76)  |2 MRF 
245 1 0 |a Nejhezší písničky  |h [zvukový záznam] :  |b pro nejmenší dětičky 
260 |a Praha :  |b B&M Music,  |c p2003 
300 |a 1 zvuková deska (57:54) :  |b digital;  |c 12 cm +  |e 1 leták (60 x 12 cm slož. na 12 x 12 cm) 
306 |a 005754 
500 |a Kompaktní deska 
500 |a Texty některých písní na letáku 
500 |a Multimediální zpěvník bonus 
505 0 0 |t Jede, jede poštovský panáček --  |t Jedna, dvě, tři, čtyři, pět --  |t Komáři se ženili --  |t Kočka leze dírou --  |t Adámku náš, copak děláš --  |t Já jsem z Kutný Hory --  |t Pec nám spadla --  |t Červená, modrá fiala --  |t Sivá holubičko, kdes' byla --  |t Šla Nanynka do zelí --  |t Bude zima, bude mráz --  |t Ovčáci, čtveráci --  |t Šel zahradník do zahrady --  |t Až já bude velká --  |t Když jsem byl maličký pacholíček --  |t Já mám koně, vraný koně --  |t Prší, prší, jen se leje --  |t Měla babka čtyři jabka --  |t Utíkej, Káčo, utíkej --  |t jedna, dvě, Honza jde --  |t Pod naším okýnkem --  |t Skákal pes přes oves --  |t Když jsem husy pásala --  |t Žežuličko, kde jsi byla --  |t Běží liška k Táboru --  |t Paci, paci, pacičky -- 
508 |a Produkce Roman Cejnar 
511 0 |a Pěvecký sbor Kvodlibet, diriguje Eva Neugebauerová 
650 0 7 |a dětské písně  |7 ph119736  |2 czenas 
655 7 |a kompaktní desky  |7 fd201991  |2 czenas 
700 1 |a Cejnar, Roman  |7 jx20040726017  |4 pro 
700 1 |a Neugebauerová, Eva  |4 cnd 
710 2 |a Kvodlibet (pěvecký sbor)  |7 olak2009488434 
910 |a BOA001  |b CD-0013.540 
990 |a AV 
991 |b 200612 
996 6 |b 261H014949  |c CD-0013.540  |l MZK  |r Sklad / do 24 hodin  |n 3  |w 000832318  |u 000010  |a 1  |e BOA001  |j MZK50  |s P